000 00813nam a22001817a 4500
005 20250903092711.0
008 240830b ||||| |||| 00| 0 eng d
082 _aDPer 364.05 P538 2020 v. 1 iss. 1-2
100 _aParreño, Jasmin Lemana.
_eauthor.
_959461
245 _aThe lived experiences of female inmates :
_bthe unfolding /
_cJasmin Lemana Parreño, Aisa Parreño Arlos, Mary Ann Evidente Tarusan.
260 _aPhilippines ;
_bChapterhouse Publishing Inc. ,
_c2020.
300 _aVolume 1, pages 117-130 :
_billustration ;
_c26 cm.
500 _aPhilippine Criminology Journal, vol. 1, iss. 1, pages 117-130, 2020.
700 _aParreño, Jasmin Lemana.
_eauthor.
_959461
700 _aParreño, Aisa Arlos.
_eauthor.
_964749
700 _aTarusan, Mary Ann Evidente.
_eauthor.
_959463
942 _2ddc
_cPER
999 _c21067
_d21067